Un socialismo posibilista / (Record no. 109629)

MARC details
000 -LEADER
campo de control de longitud fija 00597nam a2200193 4500
001 - NÚMERO DE CONTROL
campo de control 109629
003 - IDENTIFICADOR DE NÚMERO DE CONTROL
campo de control ES-MaACL
005 - FECHA Y HORA DE LA ÚLTIMA TRANSACCIÓN
campo de control 20230906184859.0
007 - CAMPO FIJO DE DESCRIPCIÓN FÍSICA--INFORMACIÓN GENERAL
campo de control de longitud fija t|
008 - DATOS DE LONGITUD FIJA--INFORMACIÓN GENERAL
campo de control de longitud fija 061121s1972 sp r ||||1| spa d
100 1# - ENTRADA PRINCIPAL--NOMBRE DE PERSONA
Nombre de persona Mitterrand, François.
9 (RLIN) 81718
245 13 - MENCIÓN DEL TÍTULO
Título Un socialismo posibilista /
Mención de responsabilidad, etc. François Mitterrand; Prólogo de Jaime Miravitlles; [Traducción: Ramón Bech].
250 ## - MENCION DE EDICION
Mención de edición 1ª ed.
260 ## - PUBLICACIÓN, DISTRIBUCIÓN, ETC.
Lugar de publicación, distribución, etc. [Barcelona] :
Nombre del editor, distribuidor, etc. Dopesa,
Fecha de publicación, distribución, etc. 1972.
300 ## - DESCRIPCIÓN FÍSICA
Extensión 178 p. ;
Dimensiones 19 cm.
700 1# - ENTRADA AGREGADA--NOMBRE PERSONAL
Nombre de persona Miravitlles, Jaume.
9 (RLIN) 81574
700 1# - ENTRADA AGREGADA--NOMBRE PERSONAL
Nombre de persona Bech, Ramón.
9 (RLIN) 26898
852 ## - LOCALIZACIÓN
Ubicación ES-MaACL
Número de control de estantería C-52218
Sublocalización o colección R.83973
Holdings
Estatus retirado Estado de pérdida Estado de daño No para préstamo Biblioteca de origen Biblioteca actual Ubicación en estantería Fecha de adquisición Fuente de adquisición Total de préstamos Signatura topográfica completa Código de barras Visto por última vez Precio de reemplazo Tipo de ítem Koha
        Biblioteca del Ateneo de Madrid Biblioteca del Ateneo de Madrid Depósito 2 17/01/2008     C-52218 1114384 23/02/2023 23/02/2023 Libro impreso